[Event "Pardubice Open"]
[Site "Pardubice CZE"]
[Date "1995.??.??"]
[Round "?"]
[White "Shtyrenkov, Veniamen"]
[Black "Walek, Milan"]
[Result "1-0"]
[WhiteElo "2460"]
[BlackElo "2310"]
[PlyCount "67"]
[EventDate "1995.07.??"]
[Source "www.chesslib.no"]
[SourceDate "2004.05.04"]

1. d4 Nf6 2. Nc3 d5 3. Bg5 Bf5 4. Bxf6 gxf6 5. e3 e6 6. Bd3 Bg6 7. f4 Nc6 8. a3 Qd7 9. Qf3 O-O-O 10. Nge2 f5 11. b4 f6 12. O-O Bd6 13. Na4 Ne7 14. Nc5 Bxc5 15. bxc5 Rdg8 16. Rfb1 Be8 17. Rb2 Qd8 18. Nc1 Bc6 19. Nb3 Kd7 20. Na5 Qa8 21. Rab1 Rb8 22. Qf2 Ng6 23. Qe2 Ke7 24. Bb5 Kf7 25. Bxc6 bxc6 26. Rb7 Ne7 27. R1b3 Rxb7 28. Rxb7 Rb8 29. Qh5+ Kg8 30. Rxc7 Rb1+ 31. Kf2 Qd8 32. Rxa7 Rb2 33. Nxc6 Rxc2+ 34. Kg3 1-0

[Event "SWE Team Ch 9293"]
[Site "Sweden"]
[Date "1993.??.??"]
[Round "7"]
[White "Svenn, Gosta"]
[Black "Cramling, Dan"]
[Result "0-1"]
[WhiteElo "2350"]
[BlackElo "2420"]
[PlyCount "90"]
[EventDate "1992.??.??"]
[Source "www.chesslib.no"]
[SourceDate "2004.05.04"]

1. d4 Nf6 2. Nc3 d5 3. Bg5 Bf5 4. Bxf6 exf6 5. e3 c6 6. Bd3 Bg6 7. Bxg6 hxg6 8. Qf3 Nd7 9. e4 dxe4 10. Qxe4+ Qe7 11. O-O-O Qxe4 12. Nxe4 f5 13. Ng5 f6 14. Re1+ Be7 15. N5f3 Kf7 16. h4 g5 17. Ne2 g4 18. Nd2 Nb6 19. h5 Bd6 20. Ng3 Bxg3 21. fxg3 Rae8 22. Kd1 Na4 23. Nc4 Rd8 24. c3 c5 25. Kc2 cxd4 26. Rd1 b5 27. Na5 dxc3 28. bxc3 Rxd1 29. Rxd1 Rxh5 30. Nc6 a6 31. Nb8 Rh2 32. Rd2 Nc5 33. Re2 g5 34. Kd2 Ne4+ 35. Kd3 Nxg3 36. Rd2 f4 37. Nxa6 f3 38. gxf3 Rxd2+ 39. Kxd2 gxf3 40. Ke3 g4 41. Nc5 f5 42. Nd3 Ne4 43. c4 bxc4 44. Ne5+ Ke6 45. Nxc4 f2 0-1

[Event "IND-ch"]
[Site "Mumbai"]
[Date "2000.05.30"]
[Round "13"]
[White "Sriram, Jha"]
[Black "Saravanan, Venkat"]
[Result "0-1"]
[WhiteElo "2356"]
[BlackElo "2412"]
[PlyCount "94"]
[EventDate "2000.05.15"]
[Source "ChessBase"]
[SourceDate "2000.07.11"]

1. d4 Nf6 2. Nc3 d5 3. Bg5 Bf5 4. Bxf6 gxf6 5. e3 e6 6. Bd3 Bg6 7. Nge2 c5 8. dxc5 Bxc5 9. O-O Nc6 10. Ng3 a6 11. e4 dxe4 12. Ncxe4 Be7 13. Qe2 f5 14. Nd2 h5 15. Qe3 f4 16. Qxf4 Bxd3 17. cxd3 Bg5 18. Qf3 Bxd2 19. Ne4 Bg5 20. Qg3 Bf6 21. Nd6+ Ke7 22. Ne4 h4 23. Qf4 Be5 24. Qg5+ Kd7 25. Qe3 Bd4 26. Qf4 Qe7 27. Rac1 Rag8 28. b4 f5 29. Nc5+ Bxc5 30. bxc5 Rg4 31. Qf3 Kc8 32. Rfe1 Rhg8 33. Kh1 Qd7 34. h3 Nd4 35. c6 bxc6 36. Rxc6+ Qxc6 37. Qxc6+ Nxc6 38. hxg4 fxg4 39. Rxe6 Kd7 40. Rh6 g3 41. Kg1 Rb8 42. fxg3 hxg3 43. Kf1 Rf8+ 44. Ke2 Rf2+ 45. Ke3 Rxg2 46. Kf3 Rxa2 47. Kxg3 Ra3 0-1

[Event "Buenos Aires Boca op"]
[Site "Buenos Aires"]
[Date "2001.09.28"]
[Round "9"]
[White "Schweber, Samuel"]
[Black "Szmetan, Jorge"]
[Result "0-1"]
[WhiteElo "2356"]
[BlackElo "2406"]
[PlyCount "48"]
[EventDate "2001.09.17"]
[Source "ChessBase"]
[SourceDate "2001.10.26"]

1. d4 Nf6 2. Nc3 d5 3. Bg5 Bf5 4. Bxf6 gxf6 5. e3 e6 6. Bd3 Bxd3 7. cxd3 Nc6 8. Nge2 f5 9. Ng3 f4 10. Nh5 fxe3 11. fxe3 Qg5 12. Qf3 Bh6 13. Nd1 f5 14. h4 Qe7 15. a3 Rg8 16. g3 O-O-O 17. b4 a6 18. Rh2 Kb8 19. Rc2 e5 20. Qxf5 Rdf8 21. Qh3 exd4 22. Nf4 Bxf4 23. gxf4 dxe3 24. Qxe3 Qf6 0-1

[Event "4. EU Ch"]
[Site "IV EU Ch"]
[Date "1990.??.??"]
[Round "?"]
[White "Stewart, AW."]
[Black "Franke, Claus Peter"]
[Result "1/2-1/2"]
[WhiteElo "2395"]
[BlackElo "2365"]
[PlyCount "50"]
[EventDate "1990.??.??"]
[Source "www.chesslib.no"]
[SourceDate "2004.05.04"]

1. d4 d5 2. Nc3 Nf6 3. Bg5 Bf5 4. Bxf6 exf6 5. e3 Qd7 6. Bd3 Bxd3 7. Qxd3 f5 8. Nf3 c6 9. O-O Bd6 10. Ne2 O-O 11. c4 dxc4 12. Qxc4 Na6 13. Nc3 Rfe8 14. a3 Nc7 15. g3 Qe6 16. Nd2 Nd5 17. Nxd5 Qxd5 18. Rfc1 Qxc4 19. Nxc4 Rad8 20. b4 g5 21. Nxd6 Rxd6 22. Rc5 Rd5 23. Rxd5 cxd5 24. Rc1 f4 25. gxf4 gxf4 1/2-1/2

[Event "Ceske Budejovice Open"]
[Site "Ceske Budejovice CZE"]
[Date "1995.??.??"]
[Round "4"]
[White "Heyken, Enno"]
[Black "Lechtynsky, Jiri"]
[Result "1/2-1/2"]
[WhiteElo "2360"]
[BlackElo "2400"]
[PlyCount "31"]
[EventDate "1995.??.??"]
[Source "www.chesslib.no"]
[SourceDate "2004.05.04"]

1. d4 Nf6 2. Nc3 d5 3. Bg5 Bf5 4. Bxf6 exf6 5. e3 c6 6. Bd3 Bg6 7. Nge2 Bd6 8. e4 dxe4 9. Nxe4 O-O 10. Nxd6 Qxd6 11. O-O Nd7 12. Qd2 Bxd3 13. Qxd3 Rfe8 14. Ng3 g6 15. Rad1 f5 16. c3 1/2-1/2

[Event "Hamburg op"]
[Site "Hamburg"]
[Date "1984.??.??"]
[Round "8"]
[White "Wockenfuss, Klaus"]
[Black "Westerinen, Heikki MJ"]
[Result "1/2-1/2"]
[WhiteElo "2335"]
[BlackElo "2415"]
[PlyCount "29"]
[EventDate "1984.07.??"]
[Source "ChessBase"]

1. d4 d5 2. Nc3 Nf6 3. Bg5 Bf5 4. Bxf6 exf6 5. e3 c6 6. Bd3 Bxd3 7. Qxd3 g6 8. e4 dxe4 9. Qxe4+ Qe7 10. Qxe7+ Bxe7 11. O-O-O Nd7 12. Nf3 O-O-O 13. d5 Rhe8 14. Nd4 Ne5 15. dxc6 1/2-1/2

[Event "Karvina (Czech Republic)"]
[Site "?"]
[Date "2003.??.??"]
[Round "5"]
[White "Hasangatin Ramil"]
[Black "Orzechowski Jacek"]
[Result "1-0"]
[WhiteElo "2474"]
[BlackElo "2260"]
[PlyCount "59"]
[EventDate "2003.??.??"]
[Source "www.chesslib.no"]
[SourceDate "2004.05.04"]

1. d4 Nf6 2. Nc3 d5 3. Bg5 Bf5 4. Bxf6 exf6 5. e3 c6 6. Bd3 Bxd3 7. Qxd3 Bb4 8. Nge2 O-O 9. O-O Re8 10. e4 dxe4 11. Nxe4 Qe7 12. N4g3 g6 13. c4 h5 14. a3 Bd6 15. Nc3 f5 16. c5 Bxg3 17. hxg3 Nd7 18. b4 Nf6 19. d5 Nxd5 20. Nxd5 cxd5 21. Qxd5 Rad8 22. Qf3 Rd4 23. Rad1 Re4 24. Rd6 h4 25. Qb3 Re1 26. Rd1 Re4 27. Qc3 hxg3 28. Qxg3 Rg4 29. Qf3 Re4 30. Qc3 1-0

[Event "BCF Ch"]
[Site "Portsmouth"]
[Date "1976.08.19"]
[Round "10"]
[White "Bellin, Robert"]
[Black "Whiteley, Andrew J"]
[Result "0-1"]
[WhiteElo "2360"]
[BlackElo "2370"]
[PlyCount "78"]
[EventDate "1976.08.09"]
[Source "www.chesslib.no"]
[SourceDate "2004.05.04"]

1. d4 Nf6 2. Nc3 d5 3. Bg5 Bf5 4. Bxf6 exf6 5. e3 c6 6. Bd3 Bg6 7. Nge2 Bd6 8. h4 Qd7 9. h5 Bxd3 10. Qxd3 f5 11. O-O-O O-O 12. Rh3 Qe6 13. Ng3 f4 14. Nf5 fxe3 15. Nxd6 Qxd6 16. h6 g6 17. Qxe3 Nd7 18. Re1 f6 19. Kb1 Kf7 20. Qe2 Rfe8 21. Re3 Rxe3 22. Qxe3 Nf8 23. f4 Qe6 24. Qf2 Qg4 25. Na4 Re8 26. g3 Qf3 27. Qg1 Rxe1+ 28. Qxe1 Ne6 29. a3 Nxd4 30. Nc5 b6 31. Nd3 c5 32. Ka2 c4 33. Qc3 Nc6 34. b3 b5 35. bxc4 dxc4 36. Ne5+ Nxe5 37. Qd4 Nc6 38. Qd7+ Ne7 39. Qd8 Qd5 0-1

[Event "Dortmund op-A"]
[Site "Dortmund"]
[Date "1992.??.??"]
[Round "7"]
[White "Juergens, Vera"]
[Black "Komarov, Dimitri"]
[Result "1/2-1/2"]
[WhiteElo "2275"]
[BlackElo "2455"]
[PlyCount "90"]
[EventDate "1992.04.??"]
[Source "ChessBase"]

1. d4 d5 2. Nc3 Nf6 3. Bg5 Bf5 4. Bxf6 exf6 5. e3 c6 6. Bd3 Be6 7. Nge2 Bd6 8. Ng3 g6 9. e4 dxe4 10. Ncxe4 Be7 11. Ne2 Qc7 12. Qd2 Nd7 13. O-O Nb6 14. Qf4 O-O-O 15. Qxc7+ Kxc7 16. b3 f5 17. Nd2 Bf6 18. Nf3 Bd5 19. Ne5 Bxe5 20. dxe5 Nd7 21. f4 f6 22. exf6 Nxf6 23. Nc3 Bf7 24. Rae1 Rhe8 25. g3 b5 26. h3 Kb6 27. Kf2 Kc5 28. Rxe8 Rxe8 29. a3 a5 30. Rd1 Bd5 31. Rd2 h5 32. Rd1 h4 33. gxh4 Rh8 34. Nxd5 Nxd5 35. Kg3 Re8 36. h5 gxh5 37. Kh4 Nxf4 38. Bxf5 Re5 39. Bh7 Re3 40. Bf5 Re5 41. Bh7 Ng2+ 42. Kg3 Ne3 43. Rd3 Nd5 44. Rf3 Re1 45. Kh4 Ra1 1/2-1/2

[Event "EuTChw, Leon ESP"]
[Site "?"]
[Date "2001.??.??"]
[Round "1"]
[White "Skripchenko, A."]
[Black "Mamedjarova, Z."]
[Result "1-0"]
[WhiteElo "2495"]
[BlackElo "2230"]
[PlyCount "105"]
[EventDate "2001.??.??"]
[Source "www.chesslib.no"]
[SourceDate "2004.05.04"]

1. d4 Nf6 2. Nc3 d5 3. Bg5 Bf5 4. Bxf6 exf6 5. e3 c6 6. Nge2 Bd6 7. Ng3 Qd7 8. Nxf5 Qxf5 9. Bd3 Qe6 10. O-O f5 11. Qf3 g6 12. Ne2 O-O 13. b3 Nd7 14. c4 Nf6 15. Nf4 Qd7 16. Rfc1 Rac8 17. c5 Bc7 18. b4 Ne4 19. g3 a5 20. a3 Ra8 21. Ng2 Rfb8 22. Qe2 b5 23. cxb6 Rxb6 24. bxa5 Rxa5 25. a4 Bd6 26. Qc2 Qb7 27. Rab1 Bb4 28. Nf4 Qa7 29. Rxb4 Rxb4 30. Qxc6 Rb8 31. Bb5 Qa8 32. Nxd5 Qxc6 33. Rxc6 Kg7 34. Nb6 Ra7 35. Kg2 Rd8 36. f3 Nf6 37. Kf2 Ne8 38. Nc4 Nc7 39. f4 Rb8 40. Nd6 Nd5 41. e4 fxe4 42. Nxe4 Rb6 43. Rc5 Nc7 44. Nc3 Ne6 45. Rc4 Kf8 46. Rc8+ Kg7 47. Ke3 Nc7 48. d5 Nxb5 49. axb5 Ra1 50. Kd4 Ra3 51. Kc4 Rb7 52. d6 f5 53. Rc7+ 1-0

[Event "Golden Cleopatra op 3rd"]
[Site "Cairo"]
[Date "1999.04.18"]
[Round "8"]
[White "Mohamed, Esam Ahmed Nagib"]
[Black "Sorial, Hanna"]
[Result "1-0"]
[WhiteElo "2458"]
[BlackElo "2266"]
[PlyCount "117"]
[EventDate "1999.04.11"]
[Source "ChessBase"]
[SourceDate "1999.05.10"]

1. d4 Nf6 2. Nc3 d5 3. Bg5 Bf5 4. Bxf6 exf6 5. e3 c6 6. Nge2 Qb6 7. Rb1 Nd7 8. Ng3 Be6 9. Bd3 g6 10. O-O f5 11. b4 Qc7 12. Nge2 Bd6 13. g3 h5 14. h4 Nf6 15. Nf4 Bxf4 16. exf4 b5 17. a4 a6 18. a5 O-O-O 19. Ne2 Kb8 20. Nc1 Ne4 21. Qe1 Rde8 22. f3 Nd6 23. Nb3 Bc8 24. Qf2 f6 25. Rfe1 Reg8 26. Qe3 g5 27. Kh2 gxh4 28. gxh4 Rh7 29. Nc5 Rhg7 30. Rg1 Re8 31. Qd2 Rge7 32. Rbe1 Ne4 33. fxe4 fxe4 34. Bf1 e3 35. Qg2 e2 36. Rxe2 Rxe2 37. Bxe2 Qxf4+ 38. Qg3 Rxe2+ 39. Rg2 Qxg3+ 40. Kxg3 Re1 41. Kf2 Rh1 42. Rg8 Kc7 43. Rg7+ Kd6 44. Rg8 Kc7 45. Rg7+ Kd6 46. Rf7 Rxh4 47. Rxf6+ Kc7 48. Rf7+ Kb8 49. Ke3 Rh1 50. Nd3 h4 51. Ne5 Bb7 52. Nd7+ Ka8 53. Nc5 h3 54. Kf2 Rd1 55. Kg3 Rxd4 56. c3 Rc4 57. Nxb7 Rxc3+ 58. Kh2 Rb3 59. Nd8 1-0

[Event "Banc Post Int"]
[Site "Miercurea Ciuc"]
[Date "2000.09.18"]
[Round "3"]
[White "Nanu, Ciprian"]
[Black "Ardeleanu, Alin"]
[Result "1-0"]
[WhiteElo "2342"]
[BlackElo "2379"]
[PlyCount "76"]
[EventDate "2000.09.16"]
[Source "ChessBase"]
[SourceDate "2000.11.10"]

1. d4 Nf6 2. Nc3 d5 3. Bg5 Bf5 4. Bxf6 exf6 5. e3 c6 6. Bd3 Bxd3 7. Qxd3 g6 8. e4 dxe4 9. Nxe4 f5 10. Nd2 Bg7 11. Ngf3 O-O 12. O-O Nd7 13. Qb3 b5 14. a4 bxa4 15. Qxa4 c5 16. Nb3 Nb6 17. Qa6 cxd4 18. Rfd1 Qd5 19. Nbxd4 Rfd8 20. c3 Rd7 21. Ra5 Qd6 22. h3 Qc7 23. Re1 Nc4 24. Ra2 Bxd4 25. Nxd4 Nxb2 26. Nb5 Qb7 27. Qxb7 Rxb7 28. Rxb2 a6 29. c4 axb5 30. cxb5 Rab8 31. Re5 Rd8 32. Kf1 Kg7 33. Ke2 Kf6 34. f4 Rd6 35. Rd2 Rbd7 36. Rxd6+ Rxd6 37. g4 fxg4 38. hxg4 h6 1-0

[Event "MK Cafe Cup-B"]
[Site "Koszalin"]
[Date "1999.08.10"]
[Round "7"]
[White "Tobak, Andrey"]
[Black "Medvegy, Nora"]
[Result "0-1"]
[WhiteElo "2421"]
[BlackElo "2296"]
[PlyCount "98"]
[EventDate "1999.08.03"]
[Source "www.chesslib.no"]
[SourceDate "2004.05.04"]

1. d4 Nf6 2. Nc3 d5 3. Bg5 Bf5 4. Bxf6 gxf6 5. e3 e6 6. Bd3 Bg6 7. Nge2 c5 8. Bxg6 hxg6 9. e4 cxd4 10. Qxd4 Nc6 11. Qa4 dxe4 12. Rd1 Qc7 13. Nxe4 Be7 14. Rd3 Kf8 15. h4 Rh5 16. a3 Kg7 17. Rc3 Rd8 18. Qc4 Rhd5 19. O-O Qe5 20. N4g3 Rc5 21. Qa4 Rxc3 22. Nxc3 Bc5 23. Qb5 Rd7 24. Nge4 Bd4 25. Qxe5 Nxe5 26. Rd1 f5 27. Ng3 Bxc3 28. Rxd7 Nxd7 29. bxc3 Nb6 30. Kf1 Nc4 31. Ke2 Nxa3 32. Kd3 Nb5 33. f3 e5 34. Kc4 Nc7 35. Kc5 Ne8 36. h5 f4 37. Ne4 f5 38. Ng5 gxh5 39. Kd5 Kg6 40. Ne6 Kf6 41. c4 h4 42. Nc5 e4 43. fxe4 f3 44. gxf3 h3 45. Nd3 h2 46. Nf2 Kg5 47. Ke5 fxe4 48. Kxe4 Kh4 49. f4 Kg3 0-1

[Event "TCh-CRO"]
[Site "Rabac"]
[Date "2004.09.06"]
[Round "2"]
[White "Bogut, Zeljko"]
[Black "Njirjak, Josip"]
[Result "0-1"]
[WhiteElo "2400"]
[BlackElo "2303"]
[PlyCount "54"]
[EventDate "2004.06.21"]
[Source "Roberto Alvarez"]
[SourceDate "2004.09.21"]

1. d4 Nf6 2. Nc3 d5 3. Bg5 Bf5 4. Bxf6 exf6 5. e3 c6 6. Bd3 Be6 7. Nge2 f5 8. Nf4 Nd7 9. Nce2 Bd6 10. O-O Qh4 11. c4 dxc4 12. g3 Qh6 13. Bc2 Nf6 14. Kg2 Nd5 15. Nxe6 fxe6 16. Rc1 O-O 17. Bb1 g5 18. Rxc4 f4 19. exf4 gxf4 20. Be4 fxg3 21. hxg3 Rxf2+ 22. Kxf2 Qe3+ 23. Kg2 Qxe4+ 24. Kf2 Rf8+ 25. Nf4 Nxf4 26. gxf4 Rxf4+ 27. Kg1 Qg6+ 0-1

[Event "Dortmund Open"]
[Site "Dortmund GER"]
[Date "1989.??.??"]
[Round "10"]
[White "Nickl, Klaus"]
[Black "Martinovic, Slobodan"]
[Result "0-1"]
[WhiteElo "2255"]
[BlackElo "2445"]
[PlyCount "98"]
[EventDate "1989.03.??"]
[Source "www.chesslib.no"]
[SourceDate "2004.05.04"]

1. d4 Nf6 2. Nc3 d5 3. Bg5 Bf5 4. Bxf6 gxf6 5. e3 e6 6. Nge2 c6 7. Ng3 Bg6 8. h4 h6 9. Bd3 f5 10. Nge2 h5 11. Nf4 Nd7 12. Be2 Nf6 13. f3 Bd6 14. Qd2 Qe7 15. Nxg6 Bg3+ 16. Kf1 fxg6 17. Rh3 Bd6 18. f4 a6 19. g3 c5 20. Bf3 cxd4 21. exd4 Bb4 22. a3 Bxc3 23. Qxc3 Kf7 24. Qb4 Qd7 25. Rh2 Rhc8 26. c3 a5 27. Qb3 b5 28. Re2 Rab8 29. Rae1 Rb6 30. Re3 b4 31. axb4 axb4 32. Ra1 Rcc6 33. Qc2 bxc3 34. Rxc3 Ne4 35. Bxe4 fxe4 36. Rc1 Rxc3 37. bxc3 Qb7 38. Qe2 Qa7 39. Qd2 Qa3 40. Kg2 Rb7 41. Kh3 Kf6 42. Rc2 Qa1 43. Ra2 Qh1+ 44. Qh2 Qf3 45. Qc2 Rc7 46. Ra3 e3 47. Qg2 Qd1 48. Ra6 Rxc3 49. Qxd5 Qg4+ 0-1

[Event "Villa Ballester op 53th"]
[Site "?"]
[Date "2003.01.12"]
[Round "4"]
[White "De Dovitiis Alejo"]
[Black "Bulcourf Carlos"]
[Result "1-0"]
[WhiteElo "2422"]
[BlackElo "2274"]
[PlyCount "131"]
[EventDate "2003.??.??"]
[Source "www.chesslib.no"]
[SourceDate "2004.05.04"]

1. d4 Nf6 2. Nc3 d5 3. Bg5 Bf5 4. Bxf6 gxf6 5. e3 h5 6. Bd3 Bxd3 7. Qxd3 e6 8. Qb5+ Nd7 9. Nge2 Qc8 10. e4 a6 11. Qd3 dxe4 12. Qxe4 f5 13. Qf3 c6 14. O-O-O Nf6 15. Ng3 Qd7 16. Nxf5 exf5 17. Rhe1+ Kd8 18. d5 c5 19. d6 Kc8 20. Re5 Kb8 21. Rxf5 Bg7 22. Kb1 Ka7 23. Rxc5 Rac8 24. Rg5 Rhg8 25. Rxg7 Rxg7 26. Qxf6 Rg6 27. Qd4+ Ka8 28. Ne4 Rc6 29. Nc5 Qd8 30. d7 Rg5 31. Qf4 Ka7 32. Nxb7 Kxb7 33. Qxg5 Qxg5 34. d8=Q Qxd8 35. Rxd8 Rf6 36. Rd2 h4 37. c3 Kc6 38. Kc2 h3 39. g3 a5 40. Kd1 Kc5 41. Ke2 a4 42. Rd4 a3 43. bxa3 Rb6 44. Rb4 Rc6 45. Rf4 Rc7 46. Kf3 Kd5 47. c4+ Ke5 48. Kg4 Ra7 49. Kxh3 f5 50. Kh4 Rh7+ 51. Kg5 Rg7+ 52. Kh6 Ra7 53. Kg6 Rxa3 54. Rxf5+ Ke6 55. Rf4 Ke7 56. h4 Ra8 57. Kg7 Ke6 58. h5 Ra5 59. Kg6 Ra8 60. Re4+ Kd7 61. h6 Rg8+ 62. Kf7 Ra8 63. h7 Kd6 64. Re8 Rxa2 65. h8=Q Rxf2+ 66. Kg6 1-0

[Event "Buenos Aires tt"]
[Site "Buenos Aires"]
[Date "2000.??.??"]
[Round "2"]
[White "Schweber, Samuel"]
[Black "Bonaveri, Agustin"]
[Result "1/2-1/2"]
[WhiteElo "2351"]
[BlackElo "2345"]
[PlyCount "59"]
[EventDate "2000.??.??"]
[Source "www.chesslib.no"]
[SourceDate "2004.05.04"]

1. d4 Nf6 2. Nc3 d5 3. Bg5 Bf5 4. Bxf6 exf6 5. e3 c6 6. Bd3 Bxd3 7. Qxd3 Bb4 8. Nge2 O-O 9. O-O Qb6 10. e4 dxe4 11. Nxe4 Be7 12. a3 Nd7 13. c4 Rad8 14. c5 Qc7 15. b4 f5 16. N4c3 Nf6 17. Qxf5 Nd5 18. Rad1 g6 19. Nxd5 Rxd5 20. Qe4 Bf6 21. Nf4 Rf5 22. g3 Bg5 23. Ng2 Qd7 24. f4 Re8 25. Qd3 Bf6 26. Ne3 Qxd4 27. Qxd4 Bxd4 28. Rxd4 Rxe3 29. a4 Rb3 30. a5 1/2-1/2

[Event "Campionato indiano 2008 fem"]
[Site "New Delhi IND"]
[Date "2008.12.25"]
[Round "8"]
[White "Gomes, Mary"]
[Black "Nadig, K."]
[Result "0-1"]
[WhiteElo "2298"]
[BlackElo "2387"]
[PlyCount "96"]
[EventDate "2008.12.18"]
[Source "www.chesslib.no"]
[SourceDate "2004.05.04"]

1. d4 d5 2. Nc3 Nf6 3. Bg5 Bf5 4. Bxf6 exf6 5. e3 g6 6. Bd3 Bxd3 7. Qxd3 c6 8. Nge2 f5 9. h4 Bg7 10. h5 O-O 11. O-O-O b5 12. hxg6 fxg6 13. Nf4 Qe8 14. g4 b4 15. Na4 Qe4 16. Qxe4 fxe4 17. Nc5 a5 18. Rh2 Ra7 19. Nce6 Re8 20. Rdh1 Rae7 21. Nc5 Bf6 22. Rg2 Nd7 23. g5 Bg7 24. Nb7 a4 25. Rgh2 Nf8 26. Nc5 a3 27. b3 Rf7 28. Ne2 Rf5 29. Rg2 Ne6 30. Nxe6 Rxe6 31. Kd2 Re8 32. c3 bxc3+ 33. Nxc3 Bf8 34. Na4 Be7 35. Rc1 Rc8 36. Rcg1 Rcf8 37. Ke2 Bxg5 38. Rxg5 Rxf2+ 39. Ke1 Rxa2 40. R5g2 Ra1+ 41. Ke2 Ra2+ 42. Ke1 Rxg2 43. Rxg2 Rf3 44. Re2 Rxe3 45. Rxe3 a2 46. Rc3 a1=Q+ 47. Kd2 Qg1 48. Rxc6 Qxd4+ 0-1

[Event "Dieren Open"]
[Site "Dieren NED"]
[Date "1989.??.??"]
[Round "5"]
[White "Van Mil, Johannes A J"]
[Black "Van de Oudeweetering, Arthur"]
[Result "1-0"]
[WhiteElo "2370"]
[BlackElo "2315"]
[PlyCount "53"]
[EventDate "1989.??.??"]
[Source "www.chesslib.no"]
[SourceDate "2004.05.04"]

1. d4 d5 2. Nc3 Nf6 3. Bg5 Bf5 4. Bxf6 gxf6 5. e3 e6 6. Bd3 Bxd3 7. Qxd3 c5 8. dxc5 Nd7 9. e4 dxe4 10. Nxe4 Qa5+ 11. c3 O-O-O 12. b4 Nxc5 13. Qe3 Qa3 14. Nxc5 Bh6 15. Qf3 Rd5 16. Ne2 Bd2+ 17. Kf1 Qb2 18. Rd1 Qc2 19. Nd4 Qxc3 20. Ndb3 Qxb4 21. Nd3 Qb5 22. Rxd2 Rhd8 23. Nbc1 Rc5 24. Qe2 Qb1 25. Qd1 Rc3 26. Ke2 Qb5 27. Rc2 1-0

[Event "Tch (Men) 2005/2006 NED"]
[Site "?"]
[Date "2005.11.05"]
[Round "3"]
[White "Martens Martin"]
[Black "Bitalzadeh Ali"]
[Result "1/2-1/2"]
[WhiteElo "2414"]
[BlackElo "2267"]
[PlyCount "75"]
[EventDate "2005.??.??"]
[Source "www.chesslib.no"]
[SourceDate "2004.05.04"]

1. d4 Nf6 2. Nc3 d5 3. Bg5 Bf5 4. Bxf6 exf6 5. e3 c6 6. Bd3 Bg6 7. Nf3 Nd7 8. O-O Bd6 9. e4 dxe4 10. Nxe4 Bxe4 11. Bxe4 O-O 12. c4 Re8 13. Re1 g6 14. Bd3 Qc7 15. c5 Bf4 16. b4 Rad8 17. Qb3 f5 18. a4 Nf6 19. b5 Ne4 20. Rad1 Ng5 21. Rxe8+ Rxe8 22. Nxg5 Bxg5 23. Bf1 Rd8 24. d5 cxd5 25. Rxd5 Rxd5 26. Qxd5 Be7 27. c6 b6 28. Bc4 Bd6 29. Kf1 Qe7 30. h3 Qf6 31. Bb3 Qa1+ 32. Qd1 Qxd1+ 33. Bxd1 f4 34. Ke2 Bc7 35. Kd3 Kf8 36. Ke4 Ke7 37. Bb3 Kf6 38. Bc4 1/2-1/2

[Event "Erfurt (Germany)"]
[Site "?"]
[Date "1998.??.??"]
[Round "4"]
[White "Slobodjan Roman"]
[Black "Abramova Oksana"]
[Result "1-0"]
[WhiteElo "2575"]
[BlackElo "2097"]
[PlyCount "99"]
[EventDate "1998.??.??"]
[Source "www.chesslib.no"]
[SourceDate "2004.05.04"]

1. d4 Nf6 2. Nc3 d5 3. Bg5 Bf5 4. Bxf6 exf6 5. Nf3 c6 6. e3 Bd6 7. Be2 O-O 8. O-O Bg6 9. Nb1 Nd7 10. c4 dxc4 11. Bxc4 f5 12. Nc3 Nf6 13. Bd3 Qe7 14. Qc2 Ne4 15. Rae1 Rfe8 16. g3 Rac8 17. Nd2 h5 18. Nc4 h4 19. Nxd6 Qxd6 20. g4 h3 21. f3 Nxc3 22. bxc3 fxg4 23. Bxg6 Qxg6 24. Qxg6 fxg6 25. fxg4 Re4 26. Rf4 Rce8 27. Kf2 R4e6 28. Kf3 Rd6 29. e4 c5 30. e5 Ra6 31. Re2 Ra3 32. Re3 Rxa2 33. Kg3 g5 34. Rfe4 Rf8 35. Re2 Ra1 36. Kxh3 Rf3+ 37. Kg2 Rxc3 38. e6 cxd4 39. e7 Rc8 40. e8=Q+ Rxe8 41. Rxe8+ Kh7 42. Rd2 b5 43. Rxd4 Ra2+ 44. Kf3 a5 45. Re5 b4 46. Rb5 Ra3+ 47. Ke4 b3 48. Kf5 a4 49. Rb8 b2 50. Rxb2 1-0

[Event "Dortmund op-A"]
[Site "Dortmund GER"]
[Date "1992.??.??"]
[Round "2"]
[White "Juergens, Peter"]
[Black "Szalanczy, Emil"]
[Result "0-1"]
[WhiteElo "2250"]
[BlackElo "2420"]
[PlyCount "70"]
[EventDate "1992.04.??"]
[Source "www.chesslib.no"]
[SourceDate "2004.05.04"]

1. d4 Nf6 2. Nc3 d5 3. Bg5 Bf5 4. Bxf6 exf6 5. e3 c6 6. Bd3 Bg6 7. Nf3 Nd7 8. O-O Bb4 9. Ne2 O-O 10. Ng3 Re8 11. c3 Bd6 12. Re1 Nb6 13. Qc2 Nc4 14. b3 Na3 15. Qd1 a5 16. Bxg6 hxg6 17. Qd3 f5 18. Nf1 Qf6 19. N3d2 b5 20. f3 c5 21. c4 dxc4 22. bxc4 Nxc4 23. Nxc4 bxc4 24. Qxc4 cxd4 25. exd4 Red8 26. Red1 Rac8 27. Qa4 Bb4 28. Kh1 Rxd4 29. Rxd4 Qxd4 30. Rd1 Qf2 31. a3 Bf8 32. Nd2 Qe2 33. Qb3 Rc3 34. Qb1 Rd3 35. Qc2 Kh7 0-1

[Event "London Lloyds"]
[Site "London ENG"]
[Date "1993.??.??"]
[Round "1"]
[White "Hanreck, Alan E"]
[Black "Hennigan, Michael"]
[Result "0-1"]
[WhiteElo "2255"]
[BlackElo "2415"]
[PlyCount "112"]
[EventDate "1993.08.??"]
[Source "www.chesslib.no"]
[SourceDate "2004.05.04"]

1. d4 Nf6 2. Nc3 d5 3. Bg5 Bf5 4. Bxf6 gxf6 5. e3 e6 6. Bd3 Bg6 7. Qf3 c5 8. Nge2 Nc6 9. O-O-O Bxd3 10. Rxd3 f5 11. g4 fxg4 12. Qxg4 Qa5 13. Kb1 O-O-O 14. Qh5 c4 15. Rdd1 Rd7 16. Rhg1 b5 17. Nc1 b4 18. N3e2 c3 19. Nb3 Qb5 20. Nec1 a5 21. Qe2 Qb6 22. Nd3 cxb2 23. Ndc5 Bxc5 24. Nxc5 Rc7 25. Na4 Qb8 26. Rg7 Na7 27. Qa6+ Qb7 28. Qxa5 Nc6 29. Qb6 Qxb6 30. Nxb6+ Kd8 31. Rdg1 Ra7 32. e4 dxe4 33. d5 exd5 34. Nxd5 f5 35. Kxb2 Re8 36. Rxa7 Nxa7 37. Rg7 Nc6 38. Kb3 Re5 39. Kc4 h6 40. Rg6 Rxd5 41. Rxc6 Rd2 42. Rxh6 Rxc2+ 43. Kd4 Rxf2 44. h4 Ke7 45. Rb6 Rd2+ 46. Ke3 Rd3+ 47. Ke2 Rh3 48. Rxb4 Ke6 49. Rb5 f4 50. h5 Rh2+ 51. Kf1 e3 52. Kg1 Rxa2 53. h6 Ra1+ 54. Kg2 e2 55. h7 e1=Q 56. Rb6+ Kf5 0-1

[Event "BL2-W 9596"]
[Site "GER"]
[Date "1996.??.??"]
[Round "?"]
[White "Buchal, Stephan"]
[Black "Burkart, Patrick"]
[Result "1-0"]
[WhiteElo "2295"]
[BlackElo "2360"]
[PlyCount "63"]
[EventDate "1995.10.??"]
[Source "www.chesslib.no"]
[SourceDate "2004.05.04"]

1. d4 Nf6 2. Nc3 d5 3. Bg5 Bf5 4. Bxf6 exf6 5. e3 c6 6. Bd3 Qd7 7. Nge2 Bxd3 8. Qxd3 f5 9. f3 Be7 10. e4 fxe4 11. fxe4 Na6 12. O-O dxe4 13. Nxe4 O-O 14. Rf3 Nb4 15. Qd2 Rad8 16. c3 Nd5 17. Raf1 Qe6 18. N2g3 g6 19. Qh6 Kh8 20. c4 f5 21. Rxf5 Nf6 22. Ng5 Qg8 23. R5f4 b5 24. cxb5 cxb5 25. Qh3 Rd6 26. N3e4 Nxe4 27. Rxf8 Bxf8 28. Nf7+ Qxf7 29. Rxf7 Ng5 30. Rxf8+ Kg7 31. Qc8 Kh6 32. Rf4 1-0

[Event "HUN-ch"]
[Site "HUN"]
[Date "1973.??.??"]
[Round "?"]
[White "Nagy, Ervin"]
[Black "Hazai, Laszlo"]
[Result "1/2-1/2"]
[WhiteElo "2455"]
[BlackElo "2200"]
[PlyCount "46"]
[EventDate "1973.??.??"]
[Source "ChessBase"]

1. d4 Nf6 2. Nc3 d5 3. Bg5 Bf5 4. Bxf6 exf6 5. e3 c6 6. Bd3 Bxd3 7. Qxd3 Bb4 8. Nge2 O-O 9. a3 Ba5 10. O-O Nd7 11. e4 dxe4 12. Nxe4 Bc7 13. Rfe1 f5 14. Nd2 g6 15. Nf3 Nf6 16. c4 Re8 17. Nc3 Qd6 18. Rad1 Rxe1+ 19. Rxe1 Rd8 20. b4 a6 21. c5 Qf8 22. Qc4 Qh6 23. g3 Rd7 1/2-1/2